000 00201 a2200097 4500
001 9187
100 _aThomas, H
245 _aThe story of sandhwest
260 _a
_bHutchinson
_c
090 _c7362
_d7362
942 _aNUST-CAE
_cM
_c34003
999 _c244260
_d244260